Romanian Cities - Sudden Death - Statistics

General Stats
  • This quiz has been taken 190 times
  • The average score is 7 of 21
Answers on the Grid
Answers color-coded by a green-red scale on the quiz's grid according to % correct below.
Aigaleo
Alba Iulia
Arad
Bacău
Baja
Bălți
Bârlad
Bihor
Brăila
Bucharest
Burgas
Câmpulung
Ceahlău
Chernivtsi
Chornomorsk
Cluj-Napoca
Dej
Deva
Giurgiu
Khabarovsk
Lipova
Mangalia
Mureș
Oradea
Orhei
Pește
Piatra Neamț
Prilep
Ruse
Sibiu
Sombor
Soroca
Târgoviște
Târgu Jiu
Târgu Mureș
Timișoara
Tulcea
Varna
Vlorë
Žilina
 
Answer Stats
Answer % Correct
Alba Iulia
73%
Bacău
70%
Arad
63%
Cluj-Napoca
41%
Brăila
38%
Bucharest
38%
Bârlad
34%
Timișoara
30%
Oradea
28%
Piatra Neamț
28%
Târgoviște
27%
Târgu Mureș
27%
Deva
25%
Giurgiu
24%
Tulcea
24%
Sibiu
23%
Câmpulung
22%
Târgu Jiu
20%
Dej
18%
Mangalia
15%
Lipova
10%
No matching quizzes found
Score Distribution
Percent of People with Each Score
Percentile by Number Answered
Your Score History
You have not taken this quiz